Better Man (TV) - Taylor Swift (All Lyrics) - Statistics

General Stats
  • This quiz has been taken 260 times
    249 since last reset
  • The average score is 453 of 486
Answer Stats
Lyrics % Correct
a
100%
A
100%
be
100%
better
100%
man
100%
man)
100%
the
100%
we
100%
We
100%
were
100%
wish
100%
you
100%
"You
100%
You
100%
I
99%
my
99%
of
99%
to
99%
And
98%
and
98%
in
98%
just
98%
miss
98%
on
97%
can
96%
he
96%
I'm
96%
it
96%
it"
96%
know
96%
off
96%
middle
95%
night,
95%
own
95%
say
95%
some
95%
was
95%
who
95%
But
94%
(But
94%
do
94%
had
94%
when
94%
hand
93%
like
93%
back
92%
did
92%
feel
92%
me
91%
Than
91%
goodbye
90%
run
90%
Sometimes,
90%
(Sometimes,
90%
what
90%
again,
89%
again
89%
again)
89%
could
89%
ever
89%
if
89%
love
89%
love,
89%
Never
89%
never
89%
why
89%
all
88%
didn't
88%
see
88%
I'd
87%
probably
87%
alone
86%
oh,
86%
Oh,
86%
thing
85%
your
85%
one
84%
AM,
82%
at
82%
been
82%
still
82%
that
82%
thought
82%
myself,
81%
wasn't
81%
would've
81%
4
80%
always
79%
might
79%
bravest
78%
kind
78%
lovin'
78%
can't
77%
damage
77%
his
77%
Saying
77%
mind
76%
change
75%
down
75%
given
75%
have
75%
hear
75%
magic
75%
it's
74%
permanent
74%
become
73%
both
73%
any
72%
beginning
72%
best
71%
every
71%
minute
71%
now
71%
wonder
71%
needing
70%
Talking
70%
gun
69%
mirror
69%
standin'
69%
away
68%
gave
68%
loaded
68%
word
68%
jealousy,
67%
because,
66%
careless
66%
turn
66%
around
65%
forget
65%
Push
65%
sweet
65%
terms,
63%
they
62%
hold
61%
Hoping
61%
these
61%
this
61%
days,
58%
onto
51%
pride
49%
waited
47%
No matching quizzes found
Score Distribution
Percent of People with Each Score
Percentile by Number Answered
Your Score History
You have not taken this quiz since the last reset